|
|
|
|
| LEADER |
00000nab a2200000 a 4500 |
| 001 |
vtls000786153 |
| 003 |
SK-MaSNL |
| 005 |
20260305013940.0 |
| 008 |
180206c2002 xo 0 slo |
| 015 |
|
|
|a SNBRB2002/03-07734
|
| 035 |
|
|
|a CLN000137810
|
| 040 |
|
|
|a SNKBUCL
|b slo
|c SNKBUCL
|e AACR2
|
| 041 |
0 |
|
|a slo
|
| 044 |
|
|
|a xo
|c SK
|
| 080 |
|
|
|a 368.415.031(437.6)
|2 UDC-MRF-SK2
|
| 100 |
1 |
|
|a Kuča, Tomáš
|4 aut
|9 847332
|
| 245 |
1 |
0 |
|a Všeobecná zdravotná žiada od vlády 250 miliónov korún
|c Tomáš Kuča
|
| 610 |
1 |
7 |
|a Slovensko.
|b Vláda
|2 snkbucl
|9 14235
|
| 610 |
|
7 |
|a Všeobecná zdravotná poisťovňa (Slovensko)
|2 snkbucl
|9 29692
|
| 655 |
|
7 |
|a články z novín a časopisov
|2 snkbucl
|9 267496
|
| 773 |
0 |
|
|t Sme
|g Roč. 10, č. 40 (16.2.2002), s. 3
|
| 850 |
|
|
|a Slovenská národná knižnica v Martine
|
| 852 |
|
|
|a SNK
|b KIS3GCP
|
| 958 |
|
|
|a RBX
|
| 999 |
|
|
|c 3266855
|d 3268785
|